=LDR 00000nam 2200000 4500 =001 INLIS000000000037311 =005 20130612143039 =008 ***********************************Ind** =035 ##$$0010-061300000037311 =041 ##$$a Ind =082 ##$$a 745.592 =090 ##$$a 745.592, Han m =100 ##$$a Hanafi, Geby =245 ##$$a Membuat perhiasan cantik dan glamor dari kertas/oleh Geby Hanafi; Editor, Intarina Hardiman =260 ##$$a 2009 $b Jakarta =300 ##$$a 116 hlm, Ilus., 21 cm =650 ##$$a Kerajinan Kertas =700 ##$$a Hardiman, Intarina =850 ##$$a NBPNMAT